000 00364nam a2200133Ia 4500
008 151001s9999||||xx |||||||||||||| ||und||
100 _aहरी नारायण आपटे
245 _aभयंकर दिव्य
250 _a5
260 _bआर्यभूषण मुद्रणालय
260 _c1965
300 _a560
365 _b8.5
999 _c953875
_d953872